| 000 | 00903nam a2200289 i 4500 | ||
|---|---|---|---|
| 003 | OSt | ||
| 005 | 20231121180919.0 | ||
| 008 | 230320t2010 sp ||||fr|||||||| ||spa|d | ||
| 020 | _a9788497427388 | ||
| 040 |
_aUMCH _bspa _cUMCH _dcrc _erda |
||
| 041 | 0 | _aspa | |
| 043 | _as-pe--- | ||
| 082 | 0 | 4 | _aP78 |
| 100 | 1 |
_aPortuondo, Juan A. _eautor |
|
| 245 | 1 | 0 |
_aLa Figura Humana : _bTest Proyectivo de Karen Machover / _cPortuondo, Juan A. |
| 250 | _aPrimera edición | ||
| 260 |
_bBiblioteca Nueva _aEspaña _c2010 |
||
| 264 | 1 |
_aMadrid, España : _bBiblioteca Nueva _c2010 |
|
| 300 |
_a173 páginas; _eLibro de test |
||
| 336 |
_2rdacontenido _atext |
||
| 337 |
_2rdamedio _ano mediado |
||
| 501 | _aLibro de test | ||
| 504 | _aBibliografía: página 173 | ||
| 521 | _aRecomendado para público especializado | ||
| 942 |
_cTEST _2ddc _hP78 _n0 |
||
| 999 |
_c51341 _d51341 |
||